000
00325 a2200133 4500
005
20250606145430.0
020
_a
978-9987-95-2
082
_a
651.3 SAM
100
_a
SAMA H.K.
245
_a
Fundamentals of Office practice
260
_a
Dodoma
_b
Niim Computers & Graphics
_c
2010
300
_a
xii,274p.
_c
20cm
942
_2
ddc
_c
BKS
999
_c
3345
_d
3345